000 00296nam a22001337a 4500
008 170220b xxu||||| |||| 00| 0 eng d
020 _a9780071433228
041 _aeng
080 _26TH
_a615
100 _a5
101 _aSHM
245 _aPHARMACOTHERAPY HANDBOOK
_cWELLS, B.G
942 _2udc
_cBK
999 _c5811
_d5811